New Zealand National Anthem (Maori + English) - Statistics

General Stats
  • This quiz has been taken 413 times
    412 since last reset
  • The average score is 45 of 69
Answer Stats
Answer % Correct
E
98%
I
96%
Atua
80%
Iwi
79%
O
78%
Nga
76%
At
69%
Feet
69%
God
69%
Love
69%
Meet
69%
Nations
69%
Of
69%
Of
69%
Ra
69%
The
69%
Thy
69%
We
69%
Ata
68%
Bonds
68%
Free
68%
In
68%
Land
68%
Our
68%
Defend
67%
God
67%
Hear
67%
Our
67%
Voices
67%
We
67%
Defend
66%
God
66%
New
66%
Star
66%
The
66%
Triple
66%
Zealand
66%
And
65%
Entreat
65%
Guard
64%
Matou
64%
Of
64%
War
64%
Aotearoa
63%
From
63%
Pacifics
63%
Afar
62%
Strife
62%
Heard
61%
Howa
61%
Kia
61%
Ko
61%
Pai
61%
Te
61%
Kia
60%
Make
60%
Her
59%
Me
59%
Noa
59%
Praises
59%
Aroha
58%
Hua
57%
Shafts
57%
Mai
56%
To
56%
Atawhai
54%
Tau
53%
Manaakitia
52%
Whakarongona
43%
No matching quizzes found
Score Distribution
Percent of People with Each Score
Percentile by Number Answered
Your Score History
You have not taken this quiz since the last reset